South Korea 2026 World Cup Squad - Statistics

General Stats
  • This quiz has been taken 4 times
  • The average score is 18 of 26
Answer Stats
Hint Answer % Correct
FW Hee-Chan Hwang
100%
FW Heung-Min Son
100%
FW Hyeon-Gyu Oh
100%
MF In-Beom Hwang
100%
MF Jin-Gyu Kim
100%
MF Jin-Seop Park
100%
DF Min-Jae Kim
100%
DF Moon-Hwan Kim
100%
GK Seung-Gyu Kim
100%
DF Tae-Hwan Kim
100%
DF Young-Woo Seol
100%
MF Dong-Kyung Lee
67%
DF Gi-Hyuk Lee
67%
GK Hyun-Woo Cho
67%
MF Jae-Sung Lee
67%
MF Kang-In Lee
67%
FW Kyu-Sung Cho
67%
Myung-Bo Hong
67%
DF Tae-Seok Lee
67%
DF Yu-Min Cho
67%
GK Bum-Keun Song
33%
FW Hyun-Jun Yang
33%
MF Jens Castrop
0%
FW Ji-Sung Eom
0%
MF Jun-Ho Bae
0%
MF Seung-Ho Paik
0%
No matching quizzes found
Score Distribution
Percent of People with Each Score
Percentile by Number Answered
Your Score History
You have not taken this quiz